Pisimmät valtiot pohjoisesta etelään - Statistics

Yleistilastot
  • Tätä visaa on pelattu 1 326 kertaa
  • Keskiarvotulos 15 / 20
Vastaustilastot
Välimatka Valtio % Oikein
4 065 km Venäjä
99%
4 042 km Chile
97%
2 695 km Yhdysvallat
97%
3 335 km Kanada
96%
3 700 km Kiina
96%
4 331 km Brasilia
94%
3 398 km Argentiina
91%
3 159 km Australia
90%
2 796 km Intia
90%
2 019 km Meksiko
84%
2 086 km Kongon demokraattinen tasavalta
78%
1 749 km Saudi-Arabia
72%
1 983 km Algeria
66%
2 043 km Peru
61%
1 651 km Thaimaa
55%
1 778 km Tšad
52%
1 679 km Marokko
49%
1 858 km Kolumbia
46%
1 811 km Mosambik
36%
2 062 km Myanmar
36%
Ehtoja vastaavia visoja ei löytynyt
Tulosjakauma
Jokaisen tuloksen saaneiden osuus
Persentiili vastausten määrän mukaan
Tuloshistoriasi
Et ole pelannut tätä visaa